[Event "Florianopolis op 9th"]
[Site "Florianopolis"]
[Date "2023.01.26"]
[Round "5"]
[White "Matsunaga, Lange Cristina"]
[Black "Teixeira, Jonas Carvalho"]
[Result "0-1"]
[WhiteElo "1479"]
[BlackElo "1791"]
[PlyCount "104"]
[EventDate "2023.01.23"]
[EventType "swiss"]
[EventRounds "10"]
[EventCountry "BRA"]
[SourceTitle "CBM 212 Extra"]
[Source "ChessBase"]
[SourceDate "2023.03.31"]
[SourceVersion "1"]
[SourceVersionDate "2023.03.31"]
[SourceQuality "1"]

1. e4 c5 2. Nf3 d6 3. d4 cxd4 4. Nxd4 Nf6 5. Nc3 g6 6. h3 Bg7 7. Be3 0-0 8. Qd2 Nc6 9. Nf3 b6 10. Bh6 Bb7 11. Bxg7 Kxg7 12. Bd3 Nd7 13. 0-0 Rc8 14. Rad1 Qc7 15. Nh4 Nce5 16. f4 Nc4 17. Bxc4 Qxc4 18. f5 Nf6 19. fxg6 hxg6 20. Nf5+ gxf5 21. Qg5+ Kh7 22. Rxf5 Rg8 23. Qh4+ Kg7 24. Rdf1 Qd4+ 25. Kh1 Kf8 26. R1f2 Rxc3 27. bxc3 Qxe4 28. Qh6+ Ke8 29. R5f4 Qe1+ 30. Kh2 Qxc3 31. Qh4 Qe5 32. g3 Bd5 33. Rf5 Qe4 34. Qxe4 Bxe4 35. Rxf6 exf6 36. Re2 f5 37. g4 Kd7 38. gxf5 Bxf5 39. c3 Be6 40. a3 Rg5 41. h4 Rg4 42. Rxe6 fxe6 43. Kh3 Rg8 44. h5 Ke7 45. Kh4 Kf6 46. a4 e5 47. c4 e4 48. h6 e3 49. h7 Rh8 50. Kg3 Rxh7 51. Kf3 Re7 52. Ke2 Re5 0-1

[Event "BRA-ch 87th"]
[Site "Cuiaba"]
[Date "2021.11.04"]
[Round "11"]
[White "Oliveira, Leonardo Tadeu De A"]
[Black "Teixeira, Jonas Carvalho"]
[Result "1-0"]
[WhiteElo "2121"]
[BlackElo "1785"]
[PlyCount "61"]
[EventDate "2021.10.28"]
[EventType "swiss"]
[EventRounds "11"]
[EventCountry "BRA"]
[SourceTitle "CBM 205 Extra"]
[Source "ChessBase"]
[SourceDate "2022.01.31"]
[SourceVersion "1"]
[SourceVersionDate "2022.01.31"]
[SourceQuality "1"]

1. e4 c5 2. Nf3 Nc6 3. d4 cxd4 4. Nxd4 g6 5. Nc3 Bg7 6. Be3 Nf6 7. Bc4 0-0 8. f3 a6 9. Nxc6 dxc6 10. Qe2 Qc7 11. 0-0 b5 12. Bb3 a5 13. a3 Ba6 14. Nd1 Nd7 15. c4 Ne5 16. Nc3 bxc4 17. Ba2 Nd3 18. Qc2 Rab8 19. Rab1 Rfd8 20. Rfd1 Qe5 21. Na4 Rd7 22. Nb6 Rdb7 23. Nxc4 Bxc4 24. Qxc4 Nf4 25. Qxf7+ Kh8 26. Qxf4 Rxb2 27. Rxb2 Qxb2 28. Rb1 Qxb1+ 29. Bxb1 Rxb1+ 30. Kf2 Rb2+ 31. Ke1 1-0

[Event "BRA-ch 87th"]
[Site "Cuiaba"]
[Date "2021.11.03"]
[Round "10"]
[White "Teixeira, Jonas Carvalho"]
[Black "Bocca, Edson Ricardo"]
[Result "1-0"]
[WhiteElo "1785"]
[BlackElo "1617"]
[PlyCount "53"]
[EventDate "2021.10.28"]
[EventType "swiss"]
[EventRounds "11"]
[EventCountry "BRA"]
[SourceTitle "CBM 205 Extra"]
[Source "ChessBase"]
[SourceDate "2022.01.31"]
[SourceVersion "1"]
[SourceVersionDate "2022.01.31"]
[SourceQuality "1"]

1. e4 e5 2. Nf3 Nc6 3. Bc4 d6 4. h3 h6 5. 0-0 Nf6 6. d3 Qe7 7. c3 Be6 8. Bb5 Bd7 9. Be3 a6 10. Ba4 Na5 11. Bc2 Nh7 12. d4 Nc6 13. d5 Nd8 14. Nbd2 Ng5 15. Re1 g6 16. Nf1 f5 17. exf5 gxf5 18. Nd4 Qf6 19. Ng3 e4 20. h4 Ngf7 21. Qh5 Bg7 22. Ndxf5 Bxf5 23. Nxf5 0-0 24. Bxe4 Ne5 25. f4 Qf7 26. Nxh6+ Bxh6 27. Qxh6 1-0

[Event "BRA-ch 87th"]
[Site "Cuiaba"]
[Date "2021.10.30"]
[Round "4"]
[White "Teixeira, Jonas Carvalho"]
[Black "Rocha, Matheus Eugenio SM "]
[Result "0-1"]
[WhiteElo "1785"]
[BlackElo "1800"]
[PlyCount "96"]
[EventDate "2021.10.28"]
[EventType "swiss"]
[EventRounds "11"]
[EventCountry "BRA"]
[SourceTitle "CBM 205 Extra"]
[Source "ChessBase"]
[SourceDate "2022.01.31"]
[SourceVersion "1"]
[SourceVersionDate "2022.01.31"]
[SourceQuality "1"]

1. e4 c6 2. Nf3 d5 3. exd5 cxd5 4. d4 Nf6 5. Bb5+ Bd7 6. Be2 Bf5 7. 0-0 Nc6 8. c3 Qc7 9. Nh4 Bg6 10. f4 e6 11. Nf3 Bd6 12. Ne5 0-0 13. Nd2 Rab8 14. a4 a6 15. Ndf3 Be4 16. Bd3 Ne7 17. Ng5 h6 18. Nxe4 Nxe4 19. Bxe4 dxe4 20. Qg4 f5 21. Qh5 Nd5 22. Bd2 Nf6 23. Qe2 b5 24. axb5 axb5 25. Ra2 b4 26. Rfa1 bxc3 27. bxc3 Rb7 28. h3 Rfb8 29. Qe1 Rb2 30. Qc1 Rxa2 31. Rxa2 Qb7 32. c4 Qb1 33. Qxb1 Rxb1+ 34. Kf2 Rb3 35. Be3 Bxe5 36. dxe5 Nd7 37. Rc2 Nb8 38. c5 Nc6 39. Ke2 Kf7 40. Rd2 Rc3 41. g4 g5 42. gxf5 exf5 43. e6+ Ke7 44. fxg5 hxg5 45. Bxg5+ Ke8 46. h4 Rxc5 47. Ke3 Rc3+ 48. Kf4 Rf3# 0-1

[Event "BRA-ch 87th"]
[Site "Cuiaba"]
[Date "2021.10.29"]
[Round "2"]
[White "Teixeira, Jonas Carvalho"]
[Black "Paludo, Nicolas Luis Escara"]
[Result "1/2-1/2"]
[WhiteElo "1785"]
[BlackElo "1821"]
[PlyCount "41"]
[EventDate "2021.10.28"]
[EventType "swiss"]
[EventRounds "11"]
[EventCountry "BRA"]
[SourceTitle "CBM 205 Extra"]
[Source "ChessBase"]
[SourceDate "2022.01.31"]
[SourceVersion "1"]
[SourceVersionDate "2022.01.31"]
[SourceQuality "1"]

1. e4 e5 2. Nf3 Nc6 3. Bb5 Nf6 4. 0-0 Bc5 5. d3 0-0 6. c3 a6 7. Ba4 b5 8. Bc2 h6 9. Nbd2 d6 10. h3 Be6 11. Re1 Ne7 12. Nf1 Ng6 13. Ng3 Qc8 14. Nf5 Kh7 15. Qe2 Ba7 16. d4 Re8 17. dxe5 Nxe5 18. Nxe5 dxe5 19. Qf3 Bxf5 20. Qxf5+ Qxf5 21. exf5 1/2-1/2